| 000 | 00987nam a2200265 i 4500 | ||
|---|---|---|---|
| 003 | EG-ScBUE | ||
| 005 | 20231002101648.0 | ||
| 008 | 110817s1984 ua f b 000 0dara d | ||
| 017 | _a1984 / 5962 | ||
| 020 | _a9770210943 | ||
| 040 |
_aEG-ScBUE _bara _erda _cEG-ScBUE _dEG-ScBUE |
||
| 082 | 0 | 4 |
_222 _a892.78609 _bب د ر |
| 100 | 1 |
_926787 _aبدر، عبد المحسن طه، _eمؤلف. |
|
| 245 | 1 | 2 |
_aالرؤية والأداة : _bنجيب محفوظ / _cدكتور عبد المحسن طه بدر. |
| 264 | 1 |
_aالقاهرة : _bدار المعارف _c[1984] |
|
| 300 |
_a416 صفحة ؛ _c24 سم. |
||
| 336 |
_2rdacontent _aنص _btxt |
||
| 337 |
_2rdamedia _aبدون وسيط _bn |
||
| 338 |
_2rdacarrier _aمجلد _bnc |
||
| 504 | _aيشتمل على إرجاعات ببليوجرافية. | ||
| 600 | 1 | 7 |
_2BUEsh _aمحفوظ، نجيب، _d1911-2006. |
| 650 | 7 |
_926786 _aالأدب العربي _xتاريخ ونقد. _2BUEsh |
|
| 655 | _vReading book | ||
| 942 |
_2ddc _cBB |
||
| 999 |
_c15864 _d15864 |
||